| 000 | 00508ntaaa2200193 4500 | ||
|---|---|---|---|
| 003 | 01 | ||
| 005 | 20251027202939.0 | ||
| 008 | 0714s1973 ag 01 | ||
| 040 |
_aAR-BaBN _bspa _cAR-BaBN _eaacr _dRIC |
||
| 082 | _a928.2610 G58c | ||
| 100 |
_aSalas, Horacio _930232 |
||
| 245 | _aConversaciones con Raul Gonzalez Tunon | ||
| 250 | _a1 ed. | ||
| 260 |
_aBuenos Aires : _bLa Bastilla, _c1975 |
||
| 300 |
_a183 p ; _c20 cm |
||
| 650 |
_aGonzalez Tunon, Raul _930233 |
||
| 650 |
_abiografĂa _91311 |
||
| 942 | _cBK | ||
| 999 |
_c24798 _d24798 |
||